[Event "FRA-ch Blitz Online Qual"]
[Site "Europe Echecs INT"]
[Date "2020.05.16"]
[Round "3"]
[White "Maccagnan, Tomas"]
[Black "Migot, Tangi"]
[Result "0-1"]
[WhiteElo "1968"]
[BlackElo "2351"]
[PlyCount "58"]
[EventDate "2020.05.16"]
[EventType "swiss (blitz)"]
[EventRounds "15"]
[EventCountry "FRA"]
[SourceTitle "CBM 196 Extra"]
[Source "ChessBase"]
[SourceDate "2020.07.31"]
[SourceVersion "1"]
[SourceVersionDate "2020.07.31"]
[SourceQuality "1"]

1. e4 c5 2. Nf3 Nc6 3. d4 cxd4 4. Nxd4 e5 5. Nb5 a6 6. Nd6+ Bxd6 7. Qxd6 Qf6 8. Qa3 Nge7 9. Nc3 Rb8 10. Be3 b5 11. Nd5 Nxd5 12. exd5 Ne7 13. Rd1 Bb7 14. c4 d6 15. cxb5 0-0 16. bxa6 Bxd5 17. a7 Ra8 18. Be2 Bxg2 19. Rg1 Bb7 20. Bg5 Qg6 21. Rxd6 Qb1+ 22. Rd1 Qe4 23. Qxe7 Ba6 24. Rd2 Bxe2 25. Rxe2 Qb1+ 26. Kd2 Qxg1 27. Be3 Rfd8+ 28. Kc3 Rdc8+ 29. Kb3 Qd1+ 0-1

[Event "FRA-ch Blitz Online Qual"]
[Site "Europe Echecs INT"]
[Date "2020.05.16"]
[Round "8"]
[White "Maccagnan, Tomas"]
[Black "Vieira, William"]
[Result "1-0"]
[WhiteElo "1968"]
[BlackElo "1593"]
[PlyCount "29"]
[EventDate "2020.05.16"]
[EventType "swiss (blitz)"]
[EventRounds "15"]
[EventCountry "FRA"]
[SourceTitle "CBM 196 Extra"]
[Source "ChessBase"]
[SourceDate "2020.07.31"]
[SourceVersion "1"]
[SourceVersionDate "2020.07.31"]
[SourceQuality "1"]

1. e4 e6 2. d4 d5 3. Nd2 dxe4 4. Nxe4 Nd7 5. Nf3 Ngf6 6. Bd3 Be7 7. Bg5 0-0 8. h4 b6 9. Ne5 Bb7 10. Qe2 Nxe4 11. Bxe4 Bxe4 12. Qxe4 g6 13. Nc6 f5 14. Qxe6+ Kg7 15. Nxd8 1-0